Trendy podnikania v cestovnom ruchu na Slovensku
Cestovný ruch a jeho riziká. Žiaduce a nežiaduce vplyvy v oblasti cestovného ruchu. Vývoj odvetvia cestovného ruchu v Slovenskej republike. Podnikateľská činnosť spoločnosti Tatry mountain resorts, a.s. so sídlom v Liptovskom Mikuláši. Klaster Liptov. Konkurenti klastra Liptov.
Gespeichert in:
| 1. Verfasser: | |
|---|---|
| Format: | Buchkapitel |
| Sprache: | Slowakisch |
| Schlagworte: | |
| Tags: |
Keine Tags, Fügen Sie das erste Tag hinzu!
|
MARC
| LEADER | 00000nla a2200000 4500 | ||
|---|---|---|---|
| 001 | 0186459 | ||
| 005 | 20240502073201.9 | ||
| 041 | 0 | |a slo | |
| 044 | |a SK | ||
| 245 | 1 | 0 | |a Trendy podnikania v cestovnom ruchu na Slovensku |c Stanislava Deáková |
| 520 | |a Cestovný ruch a jeho riziká. Žiaduce a nežiaduce vplyvy v oblasti cestovného ruchu. Vývoj odvetvia cestovného ruchu v Slovenskej republike. Podnikateľská činnosť spoločnosti Tatry mountain resorts, a.s. so sídlom v Liptovskom Mikuláši. Klaster Liptov. Konkurenti klastra Liptov. | ||
| 610 | 2 | 0 | |a ruch cestovný |
| 610 | 2 | 0 | |a firmy |
| 610 | 2 | 0 | |a podnikanie |
| 610 | 2 | 0 | |a spolupráca podnikov |
| 610 | 2 | 0 | |a konkurencia |
| 610 | 2 | 0 | |a klaster |
| 100 | 1 | |a Deáková, Stanislava, 1974- | |